000 00732nam a2200229 a 4500
001 86473
003 BD-RjUL
005 20260513154959.0
008 260513s bg ||||| |||| 00| 0 ben d
020 _a9789843702449
035 _a(BD-RjUL)86473
040 _aBD-RjUL
_beng
_cBD-RjUL
041 _aben
082 _223
_a891.441
_bNOR 2025
100 _4নূর, মো. আব্দুন
245 _aরক্তাক্ত রক্ত /
_cমো. আব্দুন নূর
260 _aরাজশাহী :
_bসমীক্ষণ,
_c২০২৫
300 _a৮০ পৃ. ;
_c২২ সেমি.
650 _aবাংলা কবিতা
_918372
650 _aBengali poetry
_918373
942 _2ddc
_cBK
999 _c86473
_d86473